| Поле | Инд. | ПП | Название | Значение |
|---|---|---|---|---|
| Тип записи | a | |||
| Библиографический уровень | m | |||
| 001 | Контрольный номер | RU/LIBMSTU/274453420 | ||
| 005 | Дата корректировки | 20140505121856.6 | ||
| 020 | 00 | a | ISBN | 5-282-02276-1 |
| c | Цена, тираж | 43-87 | ||
| 084 | a | Индекс другой классификации/Индекс ББК | 66.03 | |
| 090 | 00 | a | Полочн. индекс | 66 |
| x | Авторский знак | К 17 | ||
| 100 | 10 | a | Автор | Калашников С. В. |
| 245 | 00 | a | Заглавие | Функциональная теория социального государства |
| 260 | 00 | a | Место издания | Москва |
| b | Издательство | Экономика | ||
| c | Дата издания | 2002 | ||
| 300 | 00 | a | Объем | 190 с. |
| 650 | _4 | a | Основная рубрика | Государство-Теория |
| 653 | 00 | a | Ключевые слова | Государство |
| a | Ключевые слова | Социальная политика | ||
| a | Ключевые слова | Государство социальное | ||
| a | Ключевые слова | Социальные функции | ||
| 990 | 00 | f | Даты поступлений (DOS) | 11.03 |